Sports Quiz

Random Sports or Baseball Quiz

MLB Best WAR 'Decades' (Hitters) Quiz Stats

 Plays Quiz Updated Apr 6, 2018

Support Sporcle.
Go Orange.
Score 0/50 Timer 10:00
4 Plays Today
Years - Pos Player % Correct
1919-28 - OFBabe Ruth
98.4%
1995-2004 - OFBarry Bonds
88.9%
1957-66 - OFWillie Mays
88.6%
1952-61 - OFMickey Mantle
87.9%
1927-36 - 1BLou Gehrig
87.4%
1996-2005 - SSAlex Rodriguez
86.7%
1909-18 - OFTy Cobb
84.3%
1946-55 - OFTed Williams
83.5%
2001-10 - 1BAlbert Pujols
82.7%
1974-83 - 3BMike Schmidt
80.1%
1900-09 - SSHonus Wagner
77.9%
1947-56 - 2BJackie Robinson
77.5%
1957-66 - OFFrank Robinson
77.4%
1956-65 - OFHank Aaron
76.4%
1969-78 - CJohnny Bench
75.4%
1983-92 - SSCal Ripken, Jr
75.1%
1991-2000 - OFKen Griffey, Jr.
73.4%
1946-55 - OFStan Musial
69%
1929-38 - 1BJimmie Foxx
68.4%
1920-29 - 2BRogers Hornsby
67.3%
1971-80 - 2BJoe Morgan
65%
1911-20 - OFJoe Jackson
63.5%
1976-85 - 3BGeorge Brett
61.4%
1967-76 - OFPete Rose
61%
1963-72 - OFRoberto Clemente
59%
Years - Pos Player % Correct
1963-72 - OFCarl Yastrzemski
54.1%
1955-64 - SSErnie Banks
53.9%
1983-92 - 3BWade Boggs
53.4%
1909-18 - OFTris Speaker
53%
1929-38 - OFMel Ott
52.8%
1977-86 - CGary Carter
51.9%
1980-89 - OFRickey Henderson
51.8%
1997-2006 - OFAndruw Jones
50.4%
1901-10 - 2BNapoleon Lajoie
50.3%
1953-62 - 3BEddie Mathews
50.3%
1992-2001 - 1BJeff Bagwell
47.3%
1949-58 - OFDuke Snider
46.1%
1955-64 - OFAl Kaline
44.3%
1969-78 - 2BRod Carew
41%
2005-14 - 2BChase Utley
41%
1909-18 - 2BEddie Collins
38.9%
1963-72 - 3BRon Santo
38.5%
1929-38 - 2BCharlie Gehringer
33.7%
1925-34 - OFAl Simmons
29.1%
1893-1902 - OFEd Delahanty
20.9%
1940-49 - SSLou Boudreau
18.6%
1933-42 - SSArky Vaughan
18.1%
1921-30 - OFHarry Heilmann
16.9%
1883-92 - 1BDan Brouthers
14.6%
1883-92 - 1BRoger Connor
9.6%

You're not logged in!

Compare scores with friends on all Sporcle quizzes.
OR
Log In

From the Vault

NFL or MLB Hall of Fame?

by mvheald

We too have a super long hallway labeled "fame." It's just a lot of pictures of our dogs.
Remove Ads.
Support Sporcle.
Get the best of Sporcle when you Go Orange. This ad-free experience offers more features, more stats, and more fun while also helping to support Sporcle. Thank you for becoming a member.

Show Comments

Extras

Top Quizzes Today


Score Distribution

Your Account Isn't Verified!

In order to create a playlist on Sporcle, you need to verify the email address you used during registration. Go to your Sporcle Settings to finish the process.

Report this User

Report this user for behavior that violates our Community Guidelines.

Details: